Normal view MARC view
  • history of kargil, pakistan political

Entry Topical Term

Number of records used in: 1

001 - CONTROL NUMBER

  • control field: 51821

003 - CONTROL NUMBER IDENTIFIER

  • control field: NUST

005 - DATE AND TIME OF LATEST TRANSACTION

  • control field: 20210314135101.0

008 - FIXED-LENGTH DATA ELEMENTS

  • fixed length control field: 210314|| aca||aabn | a|a d

040 ## - CATALOGING SOURCE

  • Original cataloging agency: NUST
  • Transcribing agency: NUST

150 ## - HEADING--TOPICAL TERM

  • Topical term or geographic name entry element: history of kargil, pakistan political

670 ## - SOURCE DATA FOUND

  • Source citation: Work cat.: (NUST): Zehra, Nasim, 51820, From Kargil to the coup :
© 2023 Central Library, National University of Sciences and Technology. All Rights Reserved.